000
00450nam a2200145Ia 4500
005
20260121165310.0
008
260121s9999 xx 000 0 und d
041
_a
mar
100
_a
तेलंग, विनीता
245
_a
स्वतंत्र्यलढा आणि संस्थाने
250
_a
1
260
_b
भारतीय विचार साधना पुणे
_c
2022
300
_a
72
650
_a
History
999
_c
369963
_d
369963